000 00504nam a2200169Ia 4500
008 210323s9999||||xx |||||||||||||| ||und||
040 _cSTCPL
041 _hMAL
082 _a894.812 803
_bGEO-A
100 _aGeorge K.M.
245 0 _aAmericayile anubhavangal
_hഅമേരിക്കയിലെ അനുഭവങ്ങള്‍
250 _a3rd ed.
260 _aMadras
_bBijo Publications
_c1994
300 _a136
650 _aGeneralMURDER IN THE CATHEDRAL AND SELECTED POEMS
942 _cBK
999 _c38558
_d38558